| 000 | 00467nam a2200157Ia 4500 | ||
|---|---|---|---|
| 008 | 160316s1993 xxu||||| |||| 00| 0 eng d | ||
| 082 |
_a912.545600 _bISI |
||
| 100 | _a | ||
| 245 | _aDelhi atlas : Colony and area maps : ISID and Delhi police collaboration project | ||
| 250 | _a | ||
| 260 |
_aNew Delhi _bInstitute for Studies in Industrial developments _c1993 |
||
| 300 |
_a360p. _b _c |
||
| 365 | _bRs.70/- | ||
| 650 | _a1.Delhi - Atlas - Geography | ||
| 700 |
_a _a |
||
| 999 |
_c7232 _d7232 |
||